| 000 | 00841 a2200205 4500 | ||
|---|---|---|---|
| 003 | Nust | ||
| 005 | 20230317113742.0 | ||
| 010 | _a 85131487 | ||
| 020 | _a0713134917 (pbk.) | ||
| 040 | _cNust | ||
| 082 | 0 | 0 | _a621.395,GIB |
| 100 | 1 | _aGibson, J. R. | |
| 245 | 1 | 0 |
_aElectronic logic circuits / _cJ.R. Gibson. |
| 250 | _a2nd ed. | ||
| 260 |
_aLondon : _bE. Arnold, _c1983. |
||
| 300 |
_avi, 122 p. : _bill. ; _c25 cm. |
||
| 505 | _aTwo State Systems (Page-1), Basic Elements of Combinational Logic (Page-8), The Design of Combinational Logic Circuits (Page-23), Sequential Logic Elements (Page-42), Sequential Logic Systems (Page-59), The Design of Sequential Logic Circuits (Page-67), Electronic Logic Circuits (Page-88), Examples and Applications of Logic Circuits (Page-100). | ||
| 650 | 0 |
_aLogic circuits. _917982 |
|
| 942 |
_2ddc _cBK |
||
| 999 |
_c183853 _d183853 |
||